000 00760cam a2200241 a 4500
001 000019408
005 20200929170017.0
008 820526s1963 sp 001 f spa d
040 _aDO-SdBNP
_bspa
_cDLC
_dBNPHU
082 _a863.6
_bN765e
100 1 _aNoel, Eugenio,
_d1885-1936
_941664
245 1 0 _aEspaña nervio a nervio /
_cEugenio Noel.
260 _aMadrid :
_bEspasa-Calpe,
_c1963.
300 _a239 p. ;
_c18 cm.
490 1 _aAustral. Negra: viajes y reportajes
_v1327
650 4 _aNovela española
_91123
650 4 _aLiteratura española
_9632
651 4 _aEspaña
_xDescripciones Y Viajes
_93096
830 0 _aAustral.
_pNegra: viajes y reportajes;
_v1327
_941665
910 _aCatalogación derivada / LC
910 _aWM
049 _aBNGR
999 _c18924
_d18924